[Event "Grand Swiss "]
[Date "2025.09.05"]
[White "Lu, Shanglei"]
[Black "Madaminov, Mukhiddin"]
[WhiteElo "2647"]
[BlackElo "2560"]
[Round "2.2.47"]
[Result "1/2-1/2"]

1. e4 {[%clk 01:40:56] [%emt 00:00:03]} e5 {[%clk 01:40:17] [%emt 00:00:43]} 2.
Nf3 {[%clk 01:40:46] [%emt 00:00:40]} Nc6 {[%clk 01:38:58] [%emt 00:01:49]} 3.
Bc4 {[%clk 01:40:43] [%emt 00:00:33]} Nf6 {[%clk 01:39:08] [%emt 00:00:19]} 4.
Ng5 {[%clk 01:36:49] [%emt 00:04:26]} d5 {[%clk 01:39:27] [%emt 00:00:11]} 5.
exd5 {[%clk 01:37:14] [%emt 00:00:06]} Na5 {[%clk 01:39:49] [%emt 00:00:07]} 6.
Bb5+ {[%clk 01:37:39] [%emt 00:00:05]} c6 {[%clk 01:40:12] [%emt 00:00:07]} 7.
dxc6 {[%clk 01:38:04] [%emt 00:00:05]} bxc6 {[%clk 01:40:34] [%emt 00:00:08]} 8.
Bd3 {[%clk 01:38:17] [%emt 00:00:17]} Nd5 {[%clk 01:40:54] [%emt 00:00:10]} 9.
Nf3 {[%clk 01:38:39] [%emt 00:00:09]} Bd6 {[%clk 01:41:15] [%emt 00:00:08]} 10.
Nc3 {[%clk 01:39:03] [%emt 00:00:07]} f5 {[%clk 01:39:21] [%emt 00:02:24]} 11.
Nxd5 {[%clk 01:39:03] [%emt 00:00:31]} cxd5 {[%clk 01:39:42] [%emt 00:00:09]}
12. b4 {[%clk 01:39:31] [%emt 00:00:02]} Nc6 {[%clk 01:40:02] [%emt 00:00:09]}
13. Bb5 {[%clk 01:39:42] [%emt 00:00:20]} Bb7 {[%clk 01:40:24] [%emt 00:00:08]}
14. Bb2 {[%clk 01:40:02] [%emt 00:00:09]} O-O {[%clk 01:40:34] [%emt 00:00:19]}
15. Bxc6 {[%clk 01:40:29] [%emt 00:00:05]} Bxc6 {[%clk 01:40:57] [%emt
00:00:06]} 16. Nxe5 {[%clk 01:40:53] [%emt 00:00:07]} Re8 {[%clk 01:41:20] [%emt
00:00:08]} 17. d4 {[%clk 01:41:18] [%emt 00:00:04]} Bxb4+ {[%clk 01:40:44] [%emt
00:01:06]} 18. c3 {[%clk 01:41:39] [%emt 00:00:09]} Bd6 {[%clk 01:41:08] [%emt
00:00:05]} 19. O-O {[%clk 01:42:06] [%emt 00:00:04]} Bxe5 {[%clk 01:41:26] [%emt
00:00:12]} 20. dxe5 {[%clk 01:42:31] [%emt 00:00:04]} Rxe5 {[%clk 01:41:41]
[%emt 00:00:14]} 21. Bc1 {[%clk 01:42:59] [%emt 00:00:04]} Qd7 {[%clk 01:38:47]
[%emt 00:03:24]} 22. Be3 {[%clk 01:21:49] [%emt 00:21:40]} Rae8 {[%clk 01:32:27]
[%emt 00:06:50]} 23. Qc1 {[%clk 01:16:59] [%emt 00:05:20]} Bb5 {[%clk 01:20:37]
[%emt 00:12:20]} 24. Rd1 {[%clk 01:15:35] [%emt 00:01:54]} Bc4 {[%clk 01:20:23]
[%emt 00:00:44]} 25. Rb1 {[%clk 01:04:35] [%emt 00:11:30]} a6 {[%clk 01:15:12]
[%emt 00:05:42]} 26. a3 {[%clk 00:54:34] [%emt 00:10:32]} h6 {[%clk 01:13:24]
[%emt 00:02:17]} 27. h3 {[%clk 00:52:53] [%emt 00:02:11]} Re4 {[%clk 01:11:19]
[%emt 00:02:33]} 28. Rd4 {[%clk 00:48:36] [%emt 00:04:49]} Bb5 {[%clk 01:09:31]
[%emt 00:02:16]} 29. Qd1 {[%clk 00:41:58] [%emt 00:07:10]} Rxd4 {[%clk 01:08:33]
[%emt 00:01:29]} 30. Bxd4 {[%clk 00:41:51] [%emt 00:00:37]} f4 {[%clk 01:03:54]
[%emt 00:05:08]} 31. Rb4 {[%clk 00:34:18] [%emt 00:08:04]} Be2 {[%clk 00:53:05]
[%emt 00:11:19]} 32. Qb1 {[%clk 00:33:27] [%emt 00:01:20]} Bb5 {[%clk 00:53:16]
[%emt 00:00:20]} 33. a4 {[%clk 00:26:22] [%emt 00:07:36]} Bxa4 {[%clk 00:48:12]
[%emt 00:05:34]} 34. Rxa4 {[%clk 00:19:34] [%emt 00:07:18]} Qxa4 {[%clk
00:48:29] [%emt 00:00:11]} 35. Qb7 {[%clk 00:20:00] [%emt 00:00:06]} Re1+ {[%clk
00:48:30] [%emt 00:00:28]} 36. Kh2 {[%clk 00:20:28] [%emt 00:00:01]} Kf8 {[%clk
00:48:49] [%emt 00:00:12]} 37. Qxg7+ {[%clk 00:16:05] [%emt 00:04:54]} Ke8
{[%clk 00:49:11] [%emt 00:00:07]} 38. Qxh6 {[%clk 00:16:24] [%emt 00:00:11]} Kd7
{[%clk 00:43:12] [%emt 00:06:28]} 39. Qg7+ {[%clk 00:04:10] [%emt 00:12:45]} Re7
{[%clk 00:35:42] [%emt 00:08:01]} 40. Qg4+ {[%clk 00:04:29] [%emt 00:00:11]} Re6
{[%clk 00:36:05] [%emt 00:00:07]} 41. h4 {[%clk 00:39:38] [%emt 00:15:22]} f3
{[%clk 01:19:17] [%emt 00:07:18]} 42. Qxf3 {[%clk 00:36:56] [%emt 00:03:12]} Qc6
{[%clk 01:18:43] [%emt 00:01:04]} 43. g4 {[%clk 00:29:00] [%emt 00:08:26]} a5
{[%clk 01:13:50] [%emt 00:05:23]} 44. h5 {[%clk 00:27:21] [%emt 00:02:10]} Qd6+
{[%clk 01:05:17] [%emt 00:09:03]} 45. Kg2 {[%clk 00:18:33] [%emt 00:09:17]} Re4
{[%clk 01:05:29] [%emt 00:00:19]} 46. g5 {[%clk 00:18:52] [%emt 00:00:11]} Qe6
{[%clk 01:04:54] [%emt 00:01:04]} 47. h6 {[%clk 00:18:30] [%emt 00:00:52]} Rh4
{[%clk 00:59:33] [%emt 00:05:51]} 48. Qd3 {[%clk 00:09:34] [%emt 00:09:26]} Ke8
{[%clk 00:50:05] [%emt 00:09:58]} 49. Qe3 {[%clk 00:02:26] [%emt 00:07:39]} Qxe3
{[%clk 00:49:53] [%emt 00:00:42]} 50. Bxe3 {[%clk 00:02:54] [%emt 00:00:02]} Kf7
{[%clk 00:50:15] [%emt 00:00:07]} 51. f4 {[%clk 00:03:13] [%emt 00:00:12]} a4
{[%clk 00:49:06] [%emt 00:01:40]} 52. f5 {[%clk 00:02:42] [%emt 00:01:01]} a3
{[%clk 00:48:30] [%emt 00:01:05]} 53. g6+ {[%clk 00:01:50] [%emt 00:01:22]} Kf6
{[%clk 00:47:46] [%emt 00:01:15]} 54. h7 {[%clk 00:01:11] [%emt 00:01:08]} a2
{[%clk 00:47:00] [%emt 00:01:16]} 55. Bg5+ {[%clk 00:00:56] [%emt 00:00:45]}
Kxg5 {[%clk 00:47:15] [%emt 00:00:15]} 56. g7 {[%clk 00:01:22] [%emt 00:00:04]}
Rg4+ {[%clk 00:46:42] [%emt 00:01:03]} 57. Kh3 {[%clk 00:01:10] [%emt 00:00:42]}
Rh4+ {[%clk 00:44:32] [%emt 00:02:41]} 58. Kg3 {[%clk 00:01:26] [%emt 00:00:12]}
Rg4+ {[%clk 00:44:55] [%emt 00:00:07]} 59. Kh3 {[%clk 00:01:30] [%emt 00:00:26]}
Rh4+ {[%clk 00:45:16] [%emt 00:00:09]} 1/2-1/2

[Site "Europe Echecs"]

[Event "Grand Swiss "]
[Date "2025.09.05"]
[White "Theodorou, Nikolas"]
[Black "Samunenkov, Ihor"]
[WhiteElo "2646"]
[BlackElo "2550"]
[Round "2.2.48"]
[Result "1/2-1/2"]

1. d4 {[%clk 01:40:56] [%emt 00:00:02]} d5 {[%clk 01:40:48] [%emt 00:00:12]} 2.
Nc3 {[%clk 01:41:22] [%emt 00:00:05]} Nf6 {[%clk 01:40:03] [%emt 00:01:14]} 3.
Bf4 {[%clk 01:41:44] [%emt 00:00:08]} a6 {[%clk 01:39:00] [%emt 00:01:34]} 4. e3
{[%clk 01:38:58] [%emt 00:03:16]} b5 {[%clk 01:39:14] [%emt 00:00:17]} 5. Nf3
{[%clk 01:35:46] [%emt 00:03:41]} Bb7 {[%clk 01:37:56] [%emt 00:01:48]} 6. a3
{[%clk 01:32:35] [%emt 00:03:41]} e6 {[%clk 01:34:45] [%emt 00:03:40]} 7. b4
{[%clk 01:32:32] [%emt 00:00:34]} Nbd7 {[%clk 01:24:38] [%emt 00:10:36]} 8. Bd3
{[%clk 01:23:34] [%emt 00:09:27]} Ne4 {[%clk 01:15:56] [%emt 00:09:12]} 9. Bxe4
{[%clk 01:23:05] [%emt 00:01:00]} dxe4 {[%clk 01:16:17] [%emt 00:00:09]} 10. Nd2
{[%clk 01:21:23] [%emt 00:02:12]} f5 {[%clk 00:54:31] [%emt 00:22:16]} 11. Nb3
{[%clk 01:18:42] [%emt 00:03:11]} Bd6 {[%clk 00:50:30] [%emt 00:04:30]} 12. Qh5+
{[%clk 01:06:23] [%emt 00:12:50]} g6 {[%clk 00:50:26] [%emt 00:00:35]} 13. Qh6
{[%clk 01:06:48] [%emt 00:00:05]} Qf6 {[%clk 00:39:53] [%emt 00:11:02]} 14. Bxd6
{[%clk 00:58:40] [%emt 00:08:38]} cxd6 {[%clk 00:40:15] [%emt 00:00:09]} 15. Na5
{[%clk 00:59:06] [%emt 00:00:04]} Bd5 {[%clk 00:34:25] [%emt 00:06:19]} 16. a4
{[%clk 00:54:26] [%emt 00:05:10]} bxa4 {[%clk 00:31:50] [%emt 00:03:04]} 17.
Rxa4 {[%clk 00:50:13] [%emt 00:04:43]} Nb6 {[%clk 00:31:35] [%emt 00:00:45]} 18.
Ra3 {[%clk 00:49:54] [%emt 00:00:49]} Kf7 {[%clk 00:22:17] [%emt 00:09:48]} 19.
h4 {[%clk 00:45:30] [%emt 00:04:54]} Qg7 {[%clk 00:16:48] [%emt 00:05:59]} 20.
Qf4 {[%clk 00:33:41] [%emt 00:12:19]} e5 {[%clk 00:16:16] [%emt 00:01:02]} 21.
Qh2 {[%clk 00:33:33] [%emt 00:00:38]} Rhd8 {[%clk 00:11:43] [%emt 00:05:03]} 22.
h5 {[%clk 00:19:04] [%emt 00:14:59]} exd4 {[%clk 00:09:56] [%emt 00:02:17]} 23.
exd4 {[%clk 00:19:32] [%emt 00:00:02]} Qxd4 {[%clk 00:08:07] [%emt 00:02:19]}
24. Qf4 {[%clk 00:18:34] [%emt 00:01:29]} Ke6 {[%clk 00:05:24] [%emt 00:03:12]}
25. hxg6 {[%clk 00:14:36] [%emt 00:04:29]} hxg6 {[%clk 00:05:48] [%emt
00:00:06]} 26. Qg3 {[%clk 00:02:55] [%emt 00:12:11]} Rg8 {[%clk 00:05:10] [%emt
00:01:07]} 27. O-O {[%clk 00:02:48] [%emt 00:00:37]} Qe5 {[%clk 00:04:18] [%emt
00:01:22]} 28. Qe3 {[%clk 00:01:49] [%emt 00:01:30]} Rh8 {[%clk 00:04:26] [%emt
00:00:22]} 29. Rd1 {[%clk 00:01:29] [%emt 00:00:49]} Nc4 {[%clk 00:00:50] [%emt
00:04:06]} 30. Qg5 {[%clk 00:01:58] [%emt 00:00:01]} Nxa3 {[%clk 00:00:46] [%emt
00:00:34]} 31. Nxd5 {[%clk 00:01:32] [%emt 00:00:56]} Kf7 {[%clk 00:00:58] [%emt
00:00:17]} 32. Nc6 {[%clk 00:00:50] [%emt 00:01:12]} Qh2+ {[%clk 00:01:15] [%emt
00:00:12]} 33. Kf1 {[%clk 00:01:19] [%emt 00:00:01]} Qh1+ {[%clk 00:01:36] [%emt
00:00:09]} 34. Ke2 {[%clk 00:01:48] [%emt 00:00:02]} Qh5+ {[%clk 00:01:59] [%emt
00:00:06]} 35. Qxh5 {[%clk 00:02:16] [%emt 00:00:03]} gxh5 {[%clk 00:01:09]
[%emt 00:01:19]} 36. Nb6 {[%clk 00:02:44] [%emt 00:00:02]} Rac8 {[%clk 00:00:40]
[%emt 00:00:59]} 37. Rxd6 {[%clk 00:02:09] [%emt 00:01:06]} 1/2-1/2

[Site "Europe Echecs"]

[Event "Grand Swiss "]
[Date "2025.09.05"]
[White "Vokhidov, Shamsiddin"]
[Black "Vakhidov, Jakhongir"]
[WhiteElo "2645"]
[BlackElo "2521"]
[Round "2.2.49"]
[Result "1/2-1/2"]

1. e4 {[%clk 01:40:56] [%emt 00:00:02]} c5 {[%clk 01:40:53] [%emt 00:00:07]} 2.
Nf3 {[%clk 01:41:20] [%emt 00:00:06]} Nc6 {[%clk 01:41:18] [%emt 00:00:06]} 3.
Bb5 {[%clk 01:40:40] [%emt 00:01:10]} g6 {[%clk 01:41:40] [%emt 00:00:08]} 4.
Bxc6 {[%clk 01:39:26] [%emt 00:01:44]} bxc6 {[%clk 01:41:19] [%emt 00:00:50]} 5.
O-O {[%clk 01:39:49] [%emt 00:00:08]} Bg7 {[%clk 01:41:44] [%emt 00:00:05]} 6.
Re1 {[%clk 01:40:14] [%emt 00:00:04]} e5 {[%clk 01:42:07] [%emt 00:00:07]} 7. c3
{[%clk 01:38:10] [%emt 00:02:35]} Ne7 {[%clk 01:42:31] [%emt 00:00:06]} 8. d4
{[%clk 01:38:37] [%emt 00:00:03]} cxd4 {[%clk 01:42:53] [%emt 00:00:08]} 9. cxd4
{[%clk 01:39:05] [%emt 00:00:02]} exd4 {[%clk 01:43:14] [%emt 00:00:09]} 10.
Nxd4 {[%clk 01:39:31] [%emt 00:00:03]} O-O {[%clk 01:43:35] [%emt 00:00:09]} 11.
Nc3 {[%clk 01:39:04] [%emt 00:00:57]} Rb8 {[%clk 01:43:57] [%emt 00:00:07]} 12.
Nb3 {[%clk 01:37:45] [%emt 00:01:50]} d5 {[%clk 01:44:21] [%emt 00:00:06]} 13.
Bg5 {[%clk 01:36:24] [%emt 00:01:51]} h6 {[%clk 01:44:44] [%emt 00:00:07]} 14.
Be3 {[%clk 01:29:13] [%emt 00:07:41]} dxe4 {[%clk 01:45:08] [%emt 00:00:07]} 15.
Nxe4 {[%clk 01:25:08] [%emt 00:04:34]} Bf5 {[%clk 01:45:32] [%emt 00:00:07]} 16.
Bxa7 {[%clk 00:57:29] [%emt 00:28:10]} Rb7 {[%clk 01:45:32] [%emt 00:00:28]} 17.
Bd4 {[%clk 00:56:17] [%emt 00:01:42]} Bxd4 {[%clk 01:45:54] [%emt 00:00:09]} 18.
Qxd4 {[%clk 00:54:10] [%emt 00:02:37]} Qxd4 {[%clk 01:46:18] [%emt 00:00:06]}
19. Nxd4 {[%clk 00:54:39] [%emt 00:00:02]} Rxb2 {[%clk 01:46:39] [%emt
00:00:08]} 20. Nc5 {[%clk 00:54:21] [%emt 00:00:48]} Rd8 {[%clk 01:26:19] [%emt
00:20:50]} 21. Rad1 {[%clk 00:45:54] [%emt 00:08:57]} Rd5 {[%clk 01:06:30] [%emt
00:20:19]} 22. Nxc6 {[%clk 00:39:28] [%emt 00:06:57]} Rxc5 {[%clk 01:03:52]
[%emt 00:03:08]} 23. Nxe7+ {[%clk 00:39:10] [%emt 00:00:47]} Kg7 {[%clk
01:04:08] [%emt 00:00:13]} 24. Nxf5+ {[%clk 00:39:23] [%emt 00:00:18]} Rxf5
{[%clk 01:04:32] [%emt 00:00:05]} 25. f3 {[%clk 00:39:51] [%emt 00:00:02]} Rxa2
{[%clk 01:04:53] [%emt 00:00:09]} 26. Ra1 {[%clk 00:40:19] [%emt 00:00:03]} Rfa5
{[%clk 01:05:07] [%emt 00:00:16]} 27. Rxa2 {[%clk 00:40:44] [%emt 00:00:05]}
Rxa2 {[%clk 01:05:31] [%emt 00:00:06]} 28. Re3 {[%clk 00:41:10] [%emt 00:00:03]}
h5 {[%clk 01:05:45] [%emt 00:00:16]} 29. h4 {[%clk 00:41:35] [%emt 00:00:05]}
Rb2 {[%clk 01:06:05] [%emt 00:00:10]} 30. g3 {[%clk 00:41:59] [%emt 00:00:07]}
Ra2 {[%clk 01:06:31] [%emt 00:00:04]} 1/2-1/2

[Site "Europe Echecs"]

[Event "Grand Swiss "]
[Date "2025.09.05"]
[White "Fedoseev, Vladimir"]
[Black "Nigmatov, Ortik"]
[WhiteElo "2731"]
[BlackElo "2488"]
[Round "2.2.50"]
[Result "1-0"]

1. d4 {[%emt 00:00:22]} d5 {[%emt 00:00:08]} 2. Nf3 {[%clk 01:41:02] [%emt
00:00:14]} Nf6 {[%clk 01:41:22]} 3. c4 {[%clk 01:41:02]} e6 {[%clk 01:41:22]
[%emt 00:00:53]} 4. Nc3 {[%clk 01:41:26]} Be7 {[%clk 01:41:39] [%emt 00:00:19]}
5. Bg5 {[%clk 01:41:28]} h6 {[%clk 01:41:16] [%emt 00:01:21]} 6. Bxf6 {[%clk
01:41:31]} Bxf6 {[%clk 01:41:37] [%emt 00:00:36]} 7. e3 {[%clk 01:41:52]} O-O
{[%clk 01:41:53] [%emt 00:00:22]} 8. cxd5 {[%clk 01:42:15]} exd5 {[%clk
01:42:13] [%emt 00:00:18]} 9. Qb3 {[%emt 00:00:50]} c6 {[%clk 01:41:25] [%emt
00:00:31]} 10. Bd3 {[%emt 00:04:03]} Re8 {[%clk 01:31:50] [%emt 00:06:06]} 11.
O-O {[%emt 00:01:19]} Nd7 {[%emt 00:00:38]} 12. Rae1 {[%emt 00:17:21]} Nb6
{[%clk 01:08:51] [%emt 00:05:23]} 13. Nd2 {[%emt 00:03:56]} Be6 {[%clk 01:05:15]
[%emt 00:00:35]} 14. Qc2 {[%clk 01:42:25] [%emt 00:03:34]} Rc8 15. Nb3 {[%emt
00:01:35]} Nd7 {[%emt 00:00:42]} 16. f4 {[%clk 01:42:36] [%emt 00:00:02]} Nf8
{[%clk 00:59:37] [%emt 00:03:39]} 17. f5 {[%clk 01:41:37] [%emt 00:01:30]} Bd7
{[%clk 01:00:00] [%emt 00:00:07]} 18. e4 {[%clk 01:42:03]} dxe4 {[%clk 00:56:08]
[%emt 00:04:26]} 19. Nxe4 {[%clk 01:41:34]} Rc7 {[%clk 00:35:22] [%emt
00:22:15]} 20. Bc4 {[%clk 01:37:39]} Bc8 {[%clk 00:31:14] [%emt 00:09:03]} 21.
Nxf6+ {[%clk 01:33:34]} gxf6 {[%clk 00:30:58] [%emt 00:05:21]} 22. Rd1 {[%clk
01:33:57]} Rce7 {[%clk 00:29:50] [%emt 00:01:43]} 23. Qf2 {[%clk 01:33:42]} Nh7
{[%clk 00:27:45] [%emt 00:03:21]} 24. Qh4 {[%clk 01:20:49]} Kg7 {[%clk 00:14:34]
[%emt 00:27:05]} 25. Qg4+ {[%clk 01:20:29]} Kh8 {[%clk 00:14:49] [%emt
00:01:05]} 26. Qh5 {[%clk 01:20:55]} Rg8 {[%clk 00:14:47] [%emt 00:00:36]} 27.
Qxh6 {[%clk 01:13:12]} b5 {[%clk 00:14:43] [%emt 00:08:47]} 28. Bd3 {[%clk
01:13:37]} Bb7 {[%clk 00:09:09] [%emt 00:06:09]} 29. Rf2 {[%clk 01:12:13]} c5
{[%clk 00:09:15] [%emt 00:02:17]} 30. Bxb5 {[%clk 01:10:34]} cxd4 {[%clk
00:06:14] [%emt 00:05:40]} 31. Bf1 {[%clk 01:09:51] [%emt 00:01:13]} Qb6 {[%clk
00:02:47] [%emt 00:03:57]} 32. Rxd4 {[%clk 00:58:30] [%emt 00:11:52]} Re1 {[%clk
00:03:09] [%emt 00:00:08]} 33. Qd2 {[%clk 00:58:15] [%emt 00:00:45]} Rb1 {[%clk
00:03:14] [%emt 00:00:25]} 34. Qc2 {[%clk 00:56:39] [%emt 00:02:06]} Re1 {[%clk
00:03:37] [%emt 00:00:07]} 35. Qc3 {[%clk 00:55:22] [%emt 00:01:47]} Rb1 {[%clk
00:02:34] [%emt 00:01:32]} 36. Nc5 {[%clk 00:53:08] [%emt 00:02:45]} Ba8 {[%clk
00:01:47] [%emt 00:01:17]} 37. Rh4 {[%clk 00:48:03] [%emt 00:05:34]} a5 {[%clk
00:01:50] [%emt 00:00:28]} 38. a3 {[%clk 00:45:13] [%emt 00:03:20]} Rg5 {[%clk
00:00:42] [%emt 00:01:38]} 39. Ne4 {[%clk 00:40:02] [%emt 00:05:41]} Bxe4 {[%clk
00:00:40] [%emt 00:00:32]} 40. Rxe4 {[%clk 00:40:26] [%emt 00:00:06]} Kg7 {[%clk
00:00:52] [%emt 00:00:18]} 41. Ref4 {[%clk 00:33:13] [%emt 00:07:43]} Kh8 {[%clk
00:49:08] [%emt 00:02:13]} 42. Qd4 {[%clk 01:15:42] [%emt 00:08:00]} Qc7 {[%clk
00:47:47] [%emt 00:01:52]} 43. Rh4 {[%clk 01:13:47] [%emt 00:02:25]} Kg7 {[%clk
00:47:44] [%emt 00:00:34]} 44. Rh3 {[%clk 01:13:51] [%emt 00:00:25]} Qc6 {[%clk
00:46:57] [%emt 00:01:16]} 45. Rc3 {[%clk 01:12:25] [%emt 00:01:57]} 1-0

[Site "Europe Echecs"]

[Event "Grand Swiss "]
[Date "2025.09.05"]
[White "Wagner, Dennis"]
[Black "Harikrishna, Pentala"]
[WhiteElo "2608"]
[BlackElo "2704"]
[Round "2.2.51"]
[Result "1/2-1/2"]

1. d4 {[%clk 01:40:55] [%emt 00:00:03]} Nf6 {[%clk 01:40:49] [%emt 00:00:11]} 2.
c4 {[%clk 01:41:13] [%emt 00:00:13]} e6 {[%clk 01:41:07] [%emt 00:00:11]} 3. Nf3
{[%clk 01:41:32] [%emt 00:00:11]} d5 {[%clk 01:41:26] [%emt 00:00:12]} 4. Nc3
{[%clk 01:41:32] [%emt 00:00:30]} c6 {[%clk 01:41:40] [%emt 00:00:15]} 5. e3
{[%clk 01:41:28] [%emt 00:00:34]} Nbd7 {[%clk 01:41:27] [%emt 00:00:43]} 6. Qc2
{[%clk 01:41:49] [%emt 00:00:10]} Bd6 {[%clk 01:40:26] [%emt 00:01:31]} 7. b3
{[%clk 01:41:38] [%emt 00:00:41]} O-O {[%clk 01:40:22] [%emt 00:00:33]} 8. Be2
{[%clk 01:41:57] [%emt 00:00:12]} b6 {[%clk 01:38:26] [%emt 00:02:26]} 9. O-O
{[%clk 01:41:28] [%emt 00:00:58]} Bb7 {[%clk 01:38:47] [%emt 00:00:09]} 10. Bb2
{[%clk 01:41:51] [%emt 00:00:07]} Qe7 {[%clk 01:38:29] [%emt 00:00:48]} 11. a4
{[%clk 01:41:22] [%emt 00:01:00]} a5 {[%clk 01:36:35] [%emt 00:02:24]} 12. Bd3
{[%clk 01:41:36] [%emt 00:00:15]} e5 {[%clk 01:15:36] [%emt 00:21:30]} 13. dxe5
{[%clk 01:36:29] [%emt 00:05:37]} Nxe5 {[%clk 01:15:47] [%emt 00:00:19]} 14.
Nxe5 {[%clk 01:36:35] [%emt 00:00:23]} Qxe5 {[%clk 01:16:04] [%emt 00:00:13]}
15. g3 {[%clk 01:36:24] [%emt 00:00:42]} Qh5 {[%clk 01:11:17] [%emt 00:05:16]}
16. cxd5 {[%clk 01:22:37] [%emt 00:14:17]} cxd5 {[%clk 01:05:57] [%emt
00:05:50]} 17. Nb5 {[%clk 01:21:47] [%emt 00:01:20]} Rac8 {[%clk 01:03:08] [%emt
00:03:19]} 18. Qe2 {[%clk 01:17:52] [%emt 00:04:25]} Qxe2 {[%clk 01:03:10] [%emt
00:00:28]} 19. Bxe2 {[%clk 01:18:19] [%emt 00:00:03]} Be7 {[%clk 01:02:29] [%emt
00:01:11]} 20. Bd4 {[%clk 00:55:14] [%emt 00:23:35]} Nd7 {[%clk 01:02:06] [%emt
00:00:53]} 21. Rfd1 {[%clk 00:54:08] [%emt 00:01:36]} Nc5 {[%clk 00:55:54] [%emt
00:06:42]} 22. Rab1 {[%clk 00:54:26] [%emt 00:00:12]} g6 {[%clk 00:52:43] [%emt
00:03:42]} 23. h4 {[%clk 00:50:17] [%emt 00:04:39]} f5 {[%clk 00:50:41] [%emt
00:02:31]} 24. Bf3 {[%clk 00:48:56] [%emt 00:01:51]} Rfd8 {[%clk 00:45:28] [%emt
00:05:42]} 25. Be5 {[%clk 00:29:07] [%emt 00:20:20]} Rd7 {[%clk 00:41:52] [%emt
00:04:06]} 26. Nc3 {[%clk 00:26:01] [%emt 00:03:36]} Rcd8 {[%clk 00:35:28] [%emt
00:06:54]} 27. Nb5 {[%clk 00:26:03] [%emt 00:00:28]} Rc8 {[%clk 00:34:14] [%emt
00:01:45]} 28. Nc3 {[%clk 00:25:55] [%emt 00:00:38]} Rcd8 {[%clk 00:34:21] [%emt
00:00:22]} 29. Nb5 {[%clk 00:21:58] [%emt 00:04:27]} Rc8 {[%clk 00:32:11] [%emt
00:02:41]} 30. Nc3 {[%clk 00:21:33] [%emt 00:00:55]} Rcd8 {[%clk 00:32:25] [%emt
00:00:15]} 1/2-1/2

[Site "Europe Echecs"]

[Event "Grand Swiss "]
[Date "2025.09.05"]
[White "Karthikeyan, Murali"]
[Black "Aryan Chopra"]
[WhiteElo "2669"]
[BlackElo "2619"]
[Round "2.2.52"]
[Result "0-1"]

1. e4 {[%clk 01:40:56] [%emt 00:00:03]} e5 {[%clk 01:40:55] [%emt 00:00:06]} 2.
Nf3 {[%clk 01:41:12] [%emt 00:00:13]} Nf6 {[%clk 01:41:19] [%emt 00:00:06]} 3.
Nxe5 {[%clk 01:40:42] [%emt 00:01:00]} d6 {[%clk 01:41:43] [%emt 00:00:06]} 4.
Nf3 {[%clk 01:40:56] [%emt 00:00:15]} Nxe4 {[%clk 01:42:07] [%emt 00:00:07]} 5.
Bd3 {[%clk 01:40:17] [%emt 00:01:09]} Nf6 {[%clk 01:42:19] [%emt 00:00:18]} 6.
O-O {[%clk 01:40:39] [%emt 00:00:08]} Be7 {[%clk 01:42:45] [%emt 00:00:04]} 7.
Re1 {[%clk 01:40:51] [%emt 00:00:17]} O-O {[%clk 01:43:06] [%emt 00:00:10]} 8.
Bf1 {[%clk 01:40:36] [%emt 00:00:45]} d5 {[%clk 01:43:01] [%emt 00:00:35]} 9. d4
{[%clk 01:40:42] [%emt 00:00:24]} Re8 {[%clk 01:43:06] [%emt 00:00:26]} 10. c4
{[%clk 01:39:33] [%emt 00:01:38]} Nc6 {[%clk 01:39:55] [%emt 00:03:42]} 11. Nc3
{[%clk 01:38:27] [%emt 00:01:35]} Bg4 {[%clk 01:34:49] [%emt 00:05:36]} 12. Be3
{[%clk 01:30:32] [%emt 00:08:24]} dxc4 {[%clk 01:18:10] [%emt 00:17:10]} 13.
Bxc4 {[%clk 01:30:00] [%emt 00:01:02]} Bd6 {[%clk 01:18:19] [%emt 00:00:21]} 14.
h3 {[%clk 01:29:45] [%emt 00:00:44]} Bh5 {[%clk 01:17:55] [%emt 00:00:55]} 15.
g4 {[%clk 01:22:06] [%emt 00:08:08]} Bg6 {[%clk 01:13:23] [%emt 00:05:03]} 16.
Nh4 {[%clk 01:19:22] [%emt 00:03:13]} Na5 {[%clk 00:57:38] [%emt 00:16:17]} 17.
Bf1 {[%clk 01:17:30] [%emt 00:02:21]} a6 {[%clk 00:54:31] [%emt 00:03:38]} 18.
Nxg6 {[%clk 01:15:24] [%emt 00:02:35]} hxg6 {[%clk 00:53:54] [%emt 00:01:08]}
19. a3 {[%clk 01:14:10] [%emt 00:01:43]} Qd7 {[%clk 00:45:55] [%emt 00:08:30]}
20. Qf3 {[%clk 01:10:14] [%emt 00:04:25]} b5 {[%clk 00:40:53] [%emt 00:05:33]}
21. Rac1 {[%clk 00:52:43] [%emt 00:18:00]} Nc4 {[%clk 00:32:15] [%emt 00:09:08]}
22. Bxc4 {[%clk 00:49:32] [%emt 00:03:41]} bxc4 {[%clk 00:32:41] [%emt
00:00:05]} 23. Nd1 {[%clk 00:42:52] [%emt 00:07:10]} Ne4 {[%clk 00:29:05] [%emt
00:04:06]} 24. Re2 {[%clk 00:38:29] [%emt 00:04:52]} Rab8 {[%clk 00:25:38] [%emt
00:03:57]} 25. Rxc4 {[%clk 00:35:02] [%emt 00:03:57]} Rb3 {[%clk 00:25:50] [%emt
00:00:19]} 26. Nc3 {[%clk 00:29:14] [%emt 00:06:17]} Nxc3 {[%clk 00:24:53] [%emt
00:01:28]} 27. Rxc3 {[%clk 00:29:31] [%emt 00:00:12]} Rxc3 {[%clk 00:25:04]
[%emt 00:00:19]} 28. bxc3 {[%clk 00:30:00] [%emt 00:00:01]} Qb5 {[%clk 00:23:57]
[%emt 00:01:37]} 29. Rd2 {[%clk 00:15:21] [%emt 00:15:09]} Qc4 {[%clk 00:18:03]
[%emt 00:06:25]} 30. Rc2 {[%clk 00:14:39] [%emt 00:01:11]} Bxa3 {[%clk 00:16:27]
[%emt 00:02:07]} 31. Qe2 {[%clk 00:14:54] [%emt 00:00:14]} Qb3 {[%clk 00:16:40]
[%emt 00:00:18]} 32. c4 {[%clk 00:13:39] [%emt 00:01:45]} a5 {[%clk 00:15:52]
[%emt 00:01:18]} 33. c5 {[%clk 00:12:22] [%emt 00:01:47]} a4 {[%clk 00:10:40]
[%emt 00:05:42]} 34. Kf1 {[%clk 00:07:52] [%emt 00:04:59]} Rb8 {[%clk 00:08:43]
[%emt 00:02:27]} 35. c6 {[%clk 00:02:32] [%emt 00:05:51]} Bb2 {[%clk 00:07:54]
[%emt 00:01:18]} 0-1

[Site "Europe Echecs"]